Les 20 plus grandes villes du Finistère sur une carte - Statistiques

Statistiques générales
  • Ce quiz a été pris 219 fois
  • Le résultat moyen est 13 sur 20
Réponses sur la Carte
Les réponses sont colorées sur une échelle allant du rouge au vert en fonction du pourcentage des utilisateurs qui les ont devinées à leur premier essai. Vous pouvez retrouver ces pourcentages ci-dessous.
 
Statistiques - réponses
Population Initiale Ville % Correct
139 619 B Brest
100%
63 642 Q Quimper
99%
20 607 C Concarneau
88%
14 903 M Morlaix
88%
12 313 Q Quimperlé
83%
16 206 L Landerneau
79%
14 163 D Douarnenez
77%
15 460 G Guipavas
70%
13 445 P Plougastel-Daoulas
70%
9 192 L Landivisiau
63%
13 473 P Plouzané
55%
10 098 F Fouesnant
52%
8 358 S Saint-Renan
50%
8 395 P Pont-l'Abbé
49%
11 791 (Le) R Le Relecq-Kerhuon
45%
7 377 L Lesneven
41%
8 170 G Guilers
37%
8 553 E Ergué-Gabéric
36%
8 589 P Plabennec
35%
7 609 R Rosporden
35%
Aucun quiz correspondant
Distribution des résultats
% des personnes avec chaque résultat
Percentile par nombre de réponses
Votre historique - résultats
Vous n’avez pas pris ce quiz